Dialogues des Carmelites (Record no. 124332)

MARC details
000 -LEADER
campo de control de longitud fija 00656nam a2200193 i 4500
001 - NÚMERO DE CONTROL
campo de control 124332
003 - IDENTIFICADOR DE NÚMERO DE CONTROL
campo de control ES-MaACL
005 - FECHA Y HORA DE LA ÚLTIMA TRANSACCIÓN
campo de control 20230906192355.0
007 - CAMPO FIJO DE DESCRIPCIÓN FÍSICA--INFORMACIÓN GENERAL
campo de control de longitud fija t|
008 - DATOS DE LONGITUD FIJA--INFORMACIÓN GENERAL
campo de control de longitud fija 070530s1957 sp ||||1| spa d
080 ## - NÚMERO DE LA CLASIFICACIÓN DECIMAL UNIVERSAL
Número de la Clasificación Decimal Universal 821.133.1-25"19"
100 1# - ENTRADA PRINCIPAL--NOMBRE DE PERSONA
Nombre de persona Bernanos, Georges.
9 (RLIN) 28225
245 10 - MENCIÓN DEL TÍTULO
Título Dialogues des Carmelites
Resto del título : opéra en trois actes et 12 tableux /
Mención de responsabilidad, etc. musique de Francis Poulenc ; texte de la pièce de Georges Bernanos.
260 ## - PUBLICACIÓN, DISTRIBUCIÓN, ETC.
Lugar de publicación, distribución, etc. Paris :
Nombre del editor, distribuidor, etc. Ricordi & C. Milano,
Fecha de publicación, distribución, etc. cop. 1957.
300 ## - DESCRIPCIÓN FÍSICA
Extensión 55 p. ;
Dimensiones 15 cm.
500 ## - NOTA GENERAL
Nota general Biblioteca Jacinto Martínez Lacalle.
700 1# - ENTRADA AGREGADA--NOMBRE PERSONAL
Nombre de persona Poulenc, Francis.
9 (RLIN) 93439
852 ## - LOCALIZACIÓN
Ubicación ES-MaACL
Número de control de estantería 2231-F-3
Sublocalización o colección R.142447
Holdings
Estatus retirado Estado de pérdida Estado de daño No para préstamo Colección Biblioteca de origen Biblioteca actual Ubicación en estantería Fecha de adquisición Fuente de adquisición Total de préstamos Signatura topográfica completa Código de barras Visto por última vez Precio de reemplazo Tipo de ítem Koha
        Colección de folletos Biblioteca del Ateneo de Madrid Biblioteca del Ateneo de Madrid Depósito folletos 17/01/2008     2231-F-3 1129532 23/02/2023 23/02/2023 Folleto